FICG 28 : Festival Internacional de Cine en Guadalajara : 1-9 [de] marzo [de] 2013 : programa de mano /

Guardat en:
Dades bibliogràfiques
Autor corporatiu: Festival Internacional de Cine en Guadalajara ( Guadalajara, México)
Format: Actes de congresos Llibre
Idioma:espanyol
Publicat: Guadalajara, México : Universidad de Guadalajara, 2013
Matèries:
Etiquetes: Afegir etiqueta
Sense etiquetes, Sigues el primer a etiquetar aquest registre!

MARC

LEADER 00000nam^a2200000^a^4500
001 000338608
005 20260226000000.0
009 20260310114401.44
037 |a Acervo ITESO - Biblioteca 
041 |a ESP 
082 |a 302. 23550972352  |b MUE 2013-PM 
111 |a Festival Internacional de Cine en Guadalajara (  |n 28° :  |d 2013 :  |c Guadalajara, México) 
240 1 1 |a [Festival Internacional de Cine en Guadalajara 2013] 
240 1 1 |a [Muestra de Cine Mexicano en Guadalajara] 
245 1 0 |a FICG 28 :  |b Festival Internacional de Cine en Guadalajara : 1-9 [de] marzo [de] 2013 : programa de mano /  |c Muestra de Cine Mexicano en Guadalajara. 
264 1 |a Guadalajara, México :  |b Universidad de Guadalajara,  |c 2013 
300 |a [78] p. 
336 |a texto  |b txt  |2 rdacontenido 
337 |a sin mediación  |b n  |2 rdamedio 
338 |a volumen  |b nc  |2 rdasoporte 
649 |a XX 
650 |a Actores Españoles -  |x Homenajes 
650 |a Actores Mexicanos -  |x Homenajes 
650 |a Cineastas Suecos -  |x Homenajes 
650 |a Mujeres Españolas -  |x Homenajes 
650 |a Música en el Cine -  |x Ciclos y Retrospectivas 
650 |a Medio Ambiente en el Cine -  |x Ciclos y Retrospectivas 
650 |a Documentales -  |z Latinoamérica -  |x Ciclos y Retrospectivas 
650 |a Cine Español -  |x Ciclos y Retrospectivas 
650 |a Cine Mexicano -  |x Festivales -  |x Tema Principal 
650 |a Cine Mexicano -  |x Ciclos y Retrospectivas 
650 |a Cine Mexicano -  |x Historia y Crítica 
650 |a Cine Mexicano -  |y 2010-2019 
650 |a Cine Mexicano -  |y Siglo XXI 
650 |a Cine Iberoamericano -  |x Festivales -  |x Tema Principal 
650 |a Cine Iberoamericano -  |x Historia y Crítica 
650 |a Cine Iberoamericano -  |y 2010-2019 
650 |a Cine Iberoamericano -  |y Siglo XXI 
650 |a Cine Escandinavo -  |x Ciclos y Retrospectivas 
650 |a Cine Europeo -  |x Ciclos y Retrospectivas 
650 |a Cine -  |x Festivales -  |z Guadalajara, Jalisco -  |x Tema Principal 
650 |a Cine -  |x Festivales -  |z México 
650 |a Cine -  |x Reseñas 
650 |a Gómez Cruz, Ernesto 
650 |a Molina, Angela 
650 |a Troell, Jan 
910 |a Fondo General 
920 |a Impresos - Libros 
930 |a Obras de Referencia 
905 |a 102 
901 |a 0500228844  |b IT2  |c REF  |i D60824  |u 20250521 
902 |a https://opac.biblio.iteso.mx/vufind/Record/000338608